[Event "IECG CN.2002.0.00275 email"]
[Site "IECG email"]
[Date "2002.01.09"]
[Round "?"]
[White "Van Elsbergen, Klaus"]
[Black "Galvein, Prospero"]
[Result "0-1"]
[WhiteElo "800"]
[BlackElo "800"]
[PlyCount "30"]
[EventDate "2002.01.09"]
[EventType "tourn (corr)"]
[EventRounds "6"]
[SourceTitle "Corr 2008"]
[Source "ChessBase"]
[SourceDate "2008.06.24"]
[SourceVersion "1"]
[SourceVersionDate "2008.06.24"]
[SourceQuality "1"]

1. e4 e5 2. d3 Nc6 3. Nh3 Nf6 4. Be2 Bc5 5. 0-0 0-0 6. c3 d5 7. exd5 Nxd5 8. c4 Nf6 9. Nc3 Bxh3 10. gxh3 Qd7 11. h4 Qh3 12. Bf3 Nd4 13. Bg2 Qxh4 14. Bxb7 Ng4 15. Qd2 Qxh2# 0-1

[Event "IECG CN.2000.0.00203"]
[Site "IECG email"]
[Date "2000.07.11"]
[Round "?"]
[White "Van Elsbergen, Klaus"]
[Black "Wood, Brian B"]
[Result "0-1"]
[WhiteElo "800"]
[BlackElo "806"]
[PlyCount "60"]
[EventDate "2000.07.11"]
[EventType "tourn (corr)"]
[EventRounds "6"]
[SourceTitle "Corr 2008"]
[Source "ChessBase"]
[SourceDate "2008.06.24"]
[SourceVersion "1"]
[SourceVersionDate "2008.06.24"]
[SourceQuality "1"]

1. e4 e5 2. Nf3 Nc6 3. Bc4 Bc5 4. 0-0 Nf6 5. d3 0-0 6. Bg5 d6 7. Nc3 h6 8. Bh4 g5 9. Bg3 Bg4 10. h4 Bxf3 11. gxf3 Nh5 12. f4 Nxg3 13. hxg5 Nxf1 14. Qh5 Ne7 15. gxh6 Kh7 16. Kxf1 Ng6 17. fxe5 dxe5 18. Nd5 c6 19. Ne3 Bxe3 20. fxe3 Qf6+ 21. Ke2 Qh4 22. Qf3 Qh2+ 23. Kd1 Qg1+ 24. Kd2 Qxa1 25. Bxf7 Qg1 26. c4 Kxh6 27. Qh3+ Kg7 28. Bxg6 Rf2+ 29. Kc3 Qc1+ 30. Kb3 Rxb2+ 0-1